Dinámica espacio-temporal de la comunidad zooplanctónica de la laguna Sauce Grande (provincia de Buenos Aires, Argentina) /

Guardado en:
Autor Principal: Baleani, Carla Alejandra.
Autor Corporativo: Universidad Nacional del Sur. Departamento de Biología, Bioquímica y Farmacia.
Otros Autores: Menéndez, María Clara, (dir. de tesina.)
Formato: Manuscrito
Idioma:Spanish
Publicado: 2016.
Materias:
Etiquetas: Agregar Etiqueta
Sin Etiquetas, Sea el primero en etiquetar este registro!
LEADER 01151ntm a22002655a 4500
001 EUN.eunm006464
008 160622s2016####ag#a#####b####000#0#spa#d
005 20251001092838.0
245 1 0 |a Dinámica espacio-temporal de la comunidad zooplanctónica de la laguna Sauce Grande (provincia de Buenos Aires, Argentina) /  |c Carla Alejandra Baleani ; directora: María Clara Menéndez. 
260 |c 2016. 
300 |a 46 h. :  |b il. ;  |c 30 cm. 
502 |a Tesina (licenciatura)--Universidad Nacional del Sur. Departamento de Biología, Bioquímica y Farmacia, 2016. 
504 |a Incluye referencias bibliográficas. 
100 1 |a Baleani, Carla Alejandra. 
700 1 |a Menéndez, María Clara,  |e dir. de tesina. 
710 2 |a Universidad Nacional del Sur.  |b Departamento de Biología, Bioquímica y Farmacia. 
082 0 4 |a 595.3  |2 19 
650 7 |a Zoología  |2 unbist 
650 7 |a Zooplancton  |2 Mopu 
650 7 |a Crustacea  |2 Icyt 
650 7 |a Química del agua  |2 unbist 
653 |a Laguna Sauce Grande (Argentina) 
653 |a Buenos Aires (Argentina : Provincia) 
653 |a Tesinas 
859 |a AR-BaUNS  |b BIB. CENTRAL - Sector A  |h 595.3  |i B194  |p 129038/025  |t Ej.2